| 000 | 00653nam a2200217 i 4500 | ||
|---|---|---|---|
| 001 | 28478 | ||
| 003 | ES-MaACL | ||
| 005 | 20240409171800.0 | ||
| 007 | t| | ||
| 008 | 030117s1981 sp ||||1| spa d | ||
| 100 | 1 |
_aBarahona de Soto, Luis. _925284 |
|
| 245 | 1 | 4 |
_aLas lágrimas de Angélica / _cLuis Barahona de Soto ; edición de José Lara Garrido. |
| 260 |
_aMadrid : _bCátedra, _c[1981] |
||
| 300 |
_a574 p. ; _c18 cm. |
||
| 490 | 1 |
_aLetras hispánicas ; _v149 |
|
| 700 | 1 |
_aLara Garrido, José. _970212 |
|
| 830 | 0 | 0 |
_aLetras hispánicas ; _v149 _9235703 |
| 852 |
_aES-MaACL _jL-2375 _bR.102590 |
||
| 942 | _2udc | ||
| 999 |
_c28478 _d28478 |
||